| 000 | 00722nam a2200181 i 4500 | ||
|---|---|---|---|
| 001 | 103855 | ||
| 003 | ES-MaACL | ||
| 005 | 20230906183446.0 | ||
| 007 | t| | ||
| 008 | 051118s1944 sp ||||1| spa d | ||
| 100 | 1 |
_aMie, Gustav. _980954 |
|
| 245 | 1 | 0 |
_aTratado de Electricidad y Magnetismo _b: curso de Física del éter, para físicos, químicos y electrotécnicos / _cpor el Prof. Gustavo Mie; traducción de la segunda edición alemana, por José María Vidal Llenas y Mercedes Jotan de Vidal... |
| 260 |
_aBarcelona : _bMarin, _c1944. |
||
| 300 |
_aXXII, 560 p. ; _c26 cm. |
||
| 700 | 1 |
_aVidal Llenas, José María. _9114499 |
|
| 700 | 1 |
_aJotan de Vidal, Mercedes. _967008 |
|
| 852 |
_aES-MaACL _jF-15954 _bR.20686 |
||
| 999 |
_c103855 _d103855 |
||